000 00829nam a22002537a 4500
001 BR2024004510
003 BR-BrBNA
005 20250317111557.0
008 250317b bl.||||| |||| 00| 0 por d
040 _aBR-BrBNA
_bpor
041 _apor
072 _aU10
090 _aU10
_bBR2024004510
110 _4aut.
_aDepartamento de estatística e publicidade
245 _aAnnuario publicado pelo imperial observatorio do rio de janeiro :
_bpara o anno de 1889 /
260 _aRio de Janeiro, RJ (Brasil) :
_bH. Lombaerts e comp, Impressores do imperial Observatorio,
_c1889.
300 _a319 p.
520 _aAnnuario publicado pelo imperial observatório do rio de janeiro para o ano de 1889.
650 _aCALENDARIO
650 _aASTRONOMIA
650 _aCRONOLOGIA
909 _a202503
_bMartins
942 _cBK
999 _c330457
_d330457